000 01752ngm a22004450a 4500
001 PT15495
003 AR-LpoUNG
005 20210202000146.0
007 vd cvaizq
008 191001s1991||||ag |||||||||||||||||spa d
037 _c$13.33
040 _aAR-LpoUNG
_bspa
_cAR-LpoUNG
_eaacr
041 _aspa
_aeng
044 _aag
082 0 _a982.064 253pa
100 1 _aLandgraeber, Wolfgang
_edir.
245 1 0 _aPanteón militar
260 _aBuenos Aires :
_bBlackman,
_c1991.
300 _aVHS (90 min.) : son., col.
505 0 _aArgumentación: Osvaldo Bayer. - Cámara: Klaus Lautenbacher. - Montaje: Thomas Balkenhol. - Producción: Lulú Landgraeber-Goroll. -
520 _aLa influencia del militarismo prusiano en el Ejército Artgentino, desde la visita del marscal von der Goltz hasta nuestros días. Los instructores franceses y norteamericanos en la escuela de guerra. El retrato de Jorge R. Videla preside hoy el colegio militar y los cadetes expresan su admiración por él y los mariscales de Hitler. Osvaldo Bayer medita sobre estos temas mientras realiza un paseo por el cementerio de los Generales Prusianos de Berlín.
650 4 _aALEMANIA
650 4 _aARGENTINA
650 4 _aAUTORITARISMO
650 4 _aDELITOS
650 4 _aDEMOCRACIA
650 4 _aDESARROLLO POLITICO
650 4 _aDICTADURA
650 4 _aESTABILIDAD POLITICA
650 4 _aHISTORIA
650 4 _aSISTEMAS POLITICOS
653 _aDOCUMENTALES
653 _aVIDEOS
710 2 _aIglesia Luterana. Alemania
710 2 _aOficina Cinematográfica de Hamburgo (Alemania)
710 2 _aOficina Fílmica del Norte de Rhin y Westfalia (Alemania)
710 2 _aRadio del Oeste Alemán
905 _a15495
942 _cVIDEO
999 _c54225
_d54225